000 00859nam a2200217 a 4500
001 BRCA_5512
005 20190320205118.0
008 200109s2010----mx-a######---#000-0#spa-#
041 _aspa
044 _amx
050 4 _aNC1807.M4
_b.B54 11
_c2010
245 1 0 _a11a [i.e. Undécima] Bienal Internacional del Cartel en México = Eleventh International Poster Biennial of Mexico.
260 _aMéxico
_bTrama Visual A.C.
_c2010
300 _a203 p.
_bil. a color
_c33 cm.
500 _aCatálogo de la exposición realizada en el Museo Franz Mayer (Ciudad de México), 28 octubre, 2010 - 11 enero, 2011
546 _aTexto en : español e inglés
650 1 4 _aCarteles
_vConcursos
_xDiseño
_zMéxico
_914082
650 1 4 _aDiseñadores gráficos
_vExposiciones
_zMéxico
_914083
740 0 _aEleventh International Poster Biennial of Mexico
942 _2lcc
_cB
999 _c5206
_d5206